000 00969cam a22002657a 4500
001 14994422
005 20180226080433.0
008 070905s2005 pau b 000 0 eng d
010 _a 2005901966
020 _a9780762424931 (pbk.)
020 _a0762424931 (pbk.)
035 _a(OCoLC)ocm62777353
040 _aJBL
_cJBL
_dBAKER
_dBTCTA
_dCPL
_dDLC
041 _aeng
042 _alccopycat
080 _a613.25 FRE
082 0 4 _a613.25 FRE
_222
100 1 _a10
101 _aNUT
245 1 0 _aSkinny bitch :
_cby Rory Freedman and Kim Barnouin.
504 _aIncludes bibliographic references (p. [193]-223).
906 _a7
_bcbc
_ccopycat
_d2
_encip
_f20
_gy-gencatlg
942 _2ddc
_cBK
999 _c43461
_d43461